<?xml version="1.0" encoding="UTF-8"?>
<marc:record xmlns:marc="http://www.loc.gov/MARC21/slim">
   <marc:leader>00000nam a2200000 a 4500</marc:leader>
   <marc:datafield ind1=" " ind2=" " tag="653">
      <marc:subfield code="a">Kontrabassspiel</marc:subfield>
   </marc:datafield>
   <marc:datafield ind1=" " ind2=" " tag="653">
      <marc:subfield code="a">Lehrmittel</marc:subfield>
   </marc:datafield>
   <marc:datafield ind1=" " ind2="1" tag="264">
      <marc:subfield code="a">[Bad Aibling]</marc:subfield>
      <marc:subfield code="b">Schmidt</marc:subfield>
      <marc:subfield code="c">2014</marc:subfield>
   </marc:datafield>
   <marc:datafield ind1=" " ind2=" " tag="250">
      <marc:subfield code="a">Klavierpartitur, Stimme. Repr. d. Originalausg.</marc:subfield>
   </marc:datafield>
   <marc:datafield ind1="2" ind2=" " tag="024">
      <marc:subfield code="a">9790500334187</marc:subfield>
   </marc:datafield>
   <marc:datafield ind1="0" ind2=" " tag="490">
      <marc:subfield code="v">Band 1.</marc:subfield>
   </marc:datafield>
   <marc:datafield ind1=" " ind2=" " tag="300">
      <marc:subfield code="a">42 S. + 1 St.</marc:subfield>
   </marc:datafield>
</marc:record>
